| 000 | 00957cam a22002897a 4500 | ||
|---|---|---|---|
| 003 | CHAP | ||
| 005 | 20220329135831.0 | ||
| 008 | 971013s1995 r 00010 d | ||
| 010 | _a42975 | ||
| 011 | _a43947 | ||
| 035 | _a48085 | ||
| 040 | _cCHAP | ||
| 100 | 0 | 0 |
_aPérez Lugo, Luis. _989811 |
| 245 | 1 | 3 | _aLa conciencia y la alienación en la sociedad industrial avanzada ; en la obra de Herbert Marcuse "El hombre unidimensional" |
| 260 |
_aChapingo, Méx. : _bEl autor, _c1995 |
||
| 300 | _a45 h. | ||
| 590 |
_aBATCH-UPD _b10 _c20130110 _lUCH01 _h1208 |
||
| 590 |
_aBATCH-UPD _b10 _c20130410 _lUCH01 _h0748 |
||
| 590 |
_aBATCH-UPD _b10 _c20130914 _lUCH01 _h1925 |
||
| 590 |
_aCONVERSION _b10 _c20130109 _lUCH01 _h1324 |
||
| 650 | 1 | 4 |
_aSociología industrial. _9108213 |
| 650 | 1 | 4 |
_aTecnología. _9111937 |
| 901 | _aBK | ||
| 942 | _cFOLL | ||
| 949 |
_bBC _cTES _d-109065 _eTS1 _h28023 _i48085 _si |
||
| 949 |
_bBC _cTES _d33724000004560 _eTS2 _fc.2 _h28024 _i48085 _si |
||
| 999 |
_c42975 _d42975 |
||